Normal view MARC view
  • Hinze, Jimmie.

Entry Personal Name

Number of records used in: 2

001 - CONTROL NUMBER

  • control field: 20917

003 - CONTROL NUMBER IDENTIFIER

  • control field: NUST

005 - DATE AND TIME OF LATEST TRANSACTION

  • control field: 20190918201440.0

008 - FIXED-LENGTH DATA ELEMENTS

  • fixed length control field: 190918|| aca||aabn | a|a d

040 ## - CATALOGING SOURCE

  • Original cataloging agency: NUST
  • Transcribing agency: NUST

100 ## - HEADING--PERSONAL NAME

  • Personal name: Hinze, Jimmie.

670 ## - SOURCE DATA FOUND

  • Source citation: Work cat.: (NUST): Hinze, Jimmie., Construction Contracts /, c2010.
© 2023 Central Library, National University of Sciences and Technology. All Rights Reserved.